The rainbow from myth to mathematics /

Bibliographic Details
Main Author: Boyer, Carl B. (Carl Benjamin), 1906-1976
Format: Book
Language:English
Published: Princeton, N.J. : Princeton University Press, 1987.
Series:Princeton paperbacks
Subjects:

MARC

Tag First Indicator Second Indicator Subfields
LEADER 00000cam a2200000 a 4500
001 in00000014073
005 20151007052132.0
008 870122s1987 njuaf b 00110 eng
010 |a  87002288  
020 |a 0691024057 (pbk.) :  |c $12.95 
020 |a 0691084572 (hard : alk. paper) :  |c $40.00 
035 |a (OCoLC)15163171 
035 |9 AAA6423AM 
040 |a DLC  |c DLC  |d TXA  |d UtOrBLW 
049 |a TXAM  |c [A12607776] 
050 0 0 |a QC976.R2  |b B68 1987 
082 0 |a 551.5/67  |2 19 
100 1 |a Boyer, Carl B.  |q (Carl Benjamin),  |d 1906-1976. 
245 1 4 |a The rainbow from myth to mathematics /  |c by Carl B. Boyer ; with new color illustrations and commentary by Robert Greenler. 
264 1 |a Princeton, N.J. :  |b Princeton University Press,  |c 1987. 
300 |a 376 pages, 8 unnumbered pages of plates :  |b illustrations (some color) ;  |c 24 cm. 
336 |a text  |b txt  |2 rdacontent 
337 |a unmediated  |b n  |2 rdamedia 
338 |a volume  |b nc  |2 rdacarrier 
490 0 |a Princeton paperbacks 
504 |a Bibliography: pages 355-366. 
500 |a Includes index. 
650 0 |a Rainbows. 
999 |a MARS 
999 f f |s 00d506bc-aee3-3344-9125-b0e8afad0d10  |i 757767ba-5261-3589-a6d5-e901f8c3dcd1  |t 0 
952 f f |p normal  |a Texas A&M University  |b College Station  |c Sterling C. Evans Library  |d Evans: Library Stacks  |t 0  |e QC976.R2 B68 1987  |h Library of Congress classification  |i unmediated -- volume  |m A14812607776 
998 f f |a QC976.R2 B68 1987  |t 0  |l Evans: Library Stacks